000
00353nam a2200145 a 4500
003
MO
005
20170315113801.0
008
100923s19uu xx 00 eng d
050
_a
TR
_b
Sn9 1967
100
_a
Snyder, Zilpha Keatley
245
_a
The Egypt game.
260
_a
New York :
_b
A Yearling Book,
_c
1967.
942
_2
ddc
_c
BK
999
_c
110859
_d
110859